• 首页
  • 本馆介绍
  • 公告通知
  • 最新文献
  • 馆藏检索
  • 电子资源
  • 读者导购
  • 参考咨询
  • 我的图书馆
  • 登录
  • 详细信息显示
  • 放入我的书架
  • 预约/预借图书
  • 作者相关作品
  • 分类相关作品
  • 丛书相关作品
  • 出版社相关作品

书目信息

  • 表格格式
  • 工作单格式
  • 卡片格式
题名:
产业链视角的中国自主创新道路研究
    
 
作者: 刘志迎 著
分册:  
出版信息: 北京   科学出版社  2014.6
页数: 245页
开本: 24cm
丛书名:
单 册:
中图分类: F124.3
科图分类:
主题词: 技术革新--研究--中国 , 研究 , 中国
电子资源:
ISBN: 978-7-03-040567-8
000 00844nam0 22002651 450
001 351927
005 20161017104001.27
010    @a978-7-03-040567-8@dCNY64.00
100    @a20140818d2014 em y0chiy50 ea
101 0  @achi
102    @aCN@b110000
105    @ay z 000yy
106    @ar
200 1  @a产业链视角的中国自主创新道路研究@f刘志迎著
210    @a北京@c科学出版社@d2014.6
215    @a245页@d24cm
300    @a国家科学技术学术著作出版基金资助出版
330    @a本书从产业链视角出发,在技术创新、产业纵向约束及产业价值链等相关理论的基础上,综合运用系统论、博弈论、计量分析等方法,对中国自主创新道路选择问题进行系统研究。
606 0  @a技术革新@x研究@y中国
606 0  @a研究
606 0  @a中国
690    @aF124.3@v5
701  0 @a刘志迎@f(1964~)@4著
801  0 @aCN@bTANGWEI@c20161010
905    @b0897215-9@dF124.3@e270@f5
    
    产业链视角的中国自主创新道路研究/刘志迎著.-北京:科学出版社,2014.6
    245页;24cm
    国家科学技术学术著作出版基金资助出版
    
    ISBN 978-7-03-040567-8:CNY64.00
    本书从产业链视角出发,在技术创新、产业纵向约束及产业价值链等相关理论的基础上,综合运用系统论、博弈论、计量分析等方法,对中国自主创新道路选择问题进行系统研究。
●
相关链接 在E读中查询图书 在五车中查询图书 在当当中查询图书 在豆瓣中查询图书


正题名:产业链视角的中国自主创新道路研究     索取号:F124.3/270         预约/预借

序号 登录号 条形码 馆藏地/架位号 状态 备注
1 0897215   208972156   第一样本阅览室/ [索取号:F124.3/270] 在馆    
2 0897216   208972165   第一借阅区/ [索取号:F124.3/270] 在馆    
3 0897217   208972174   第一借阅区/ [索取号:F124.3/270] 在馆    
4 0897218   208972183   第一借阅区/ [索取号:F124.3/270] 在馆    
5 0897219   208972192   第一借阅区/ [索取号:F124.3/270] 在馆    
唐山师范学院图书馆 欢迎您!
大连网信软件有限公司© 版权所有